000 00533cam a22001931 4500
001 sa 68014604
003 DLC
005 20260227112633.0
008 890515s1965 io ach 000 0 ind
010 _asa 68014604
035 _a(OCoLC)23547791
040 _aDLC
_cMiU
_dDLC
042 _apremarc
050 0 0 _aBP63.I5
_bP45
245 0 0 _aPenggembala ummat, mengenal ummat dan kampung halamannja.
260 _a[Djakarta,
_c1965]
300 _a[75] p.
_b(chiefly illus., facsims., ports.)
_c29 cm.
650 0 _aMuslims
_zIndonesia
999 _c85907
_d85907